Úlohy úradu pre normalizáciu a meranie v oblasti metrológie

Bibliographic Details
Main Author: Hill, Timotej (Author)
Format: Article
Language:Slovak
Subjects:

MARC

LEADER 00000nab a2200000 a 4500
001 vtls000211716
003 SK-MaSNL
005 20260303211951.0
008 111202c1984 xo 0 slo
015 |a SNBRA19rr/mm-uuuuu 
035 |a CL0221830 
040 |a SNKBUCL  |b slo  |c SNKBUCL  |e AACR2 
041 0 |a slo 
044 |a xo  |c SK 
080 |a 389  |2 1981 
100 1 |a Hill, Timotej  |4 aut  |9 633838 
245 1 0 |a Úlohy úradu pre normalizáciu a meranie v oblasti metrológie  |c Timotej Hill 
650 0 7 |a metrológia  |2 snkbucl  |9 940 
655 7 |a články zo zborníkov  |2 snkbucl  |9 166140 
773 0 |t Celoštátny seminár o metrológii pri príležitosti 150. výročia narodenia veľkého ruského metrológa D.I. Mendelejeva  |d Bratislava : Dom techniky ČSVTS, 1984 
850 |a Slovenská národná knižnica v Martine  |a MTA001 
852 |a SNK  |b KIS3GCP 
958 |a RK 
992 |a RZB 
999 |c 2204875  |d 2206805